| 000 | 01445nam0a2200361 4500 | ||
|---|---|---|---|
| 001 | RU\NLR\BIBL_A\022477262 | ||
| 005 | 20260406041654.0 | ||
| 010 |
_a978-5-17-165204-3 _92000 |
||
| 035 | _a(NLR Aleph) 022477262 | ||
| 090 |
_a13372999 _c13372999 |
||
| 100 | _a20250304d2024 |||y0rusy50 ca | ||
| 101 | 0 | _ager | |
| 102 | _aRU | ||
| 105 | _aa j 000ay | ||
| 181 | 0 |
_ai3 _baxxe |
|
| 182 | 0 | _an | |
| 200 | 1 |
_aDie besten deutschen Märchen _fBrüder Grimm _g[адаптация текста, упражнения и словарь П.Д. Алешиной] |
|
| 203 |
_aТекст _bвизуальный _cнепосредственный |
||
| 210 |
_aМосква _cАСТ, Lingua _d2024 (макет 2025) |
||
| 215 |
_a77, [1] с. _cил. _d24 |
||
| 225 | 1 |
_aDeutsche Klassik _eLesebücher für jedes Sprachniveau _hA1 _iAnfänger |
|
| 300 | _aВ вып. дан. авт.: Якоб Гримм, Вильгельм Гримм | ||
| 333 | _a6+ | ||
| 541 | 1 | _aЛучшие немецкие сказки | |
| 606 | 1 |
_aНемецкий язык _jКниги для чтения _91063964 _3RU\NLR\AUTH\66413315 |
|
| 686 | 1 | _aШ143.24-93рус91 | |
| 700 | 1 |
_8ger _7ba _aGrimm _bJ. _f1785-1863 _gJakob _3RU\NLR\AUTH\772036 _9112053 |
|
| 701 | 1 |
_8ger _7ba _aGrimm _bW. K. _f1786-1859 _gWilhelm Karl _3RU\NLR\AUTH\772019 _9112036 |
|
| 702 | 1 |
_aAlešina _bP.D. _4010 |
|
| 942 | _cBOOK | ||
| 980 | _aNB | ||